Statistics for English football trophies winners

Click here to take the quiz!

General Stats

  • This quiz has been taken 43 times
  • The average score is 12 of 15

Answer Stats

Answer % Correct
Manchester City
100%
Chelsea FC
100%
Arsenal
100%
Manchester United
100%
Leicester City
100%
Liverpool FC
97%
Everton
89%
Tottenham
86%
Aston Villa
86%
Blackburn Rovers
81%
Portsmouth
72%
Wigan Athletic
64%
Swansea City
61%
Birmingham City
50%
Middlesbrough
50%

Score Distribution

Percentile by Number Answered

Percent of People with Each Score

Your Score History

You have not taken this quiz